Paroles - Autre Part - Bigflo et Oli #2 - Statistiques

Statistiques générales
  • Ce quiz a été pris 31 fois
  • Le résultat moyen est 377 sur 495
Statistiques - réponses
Réponse % Correct
Je
100%
je
100%
ma
95%
à
90%
a
90%
de
90%
90%
la
90%
Si
90%
si
90%
ta
90%
te
90%
voudrais
90%
d'en
85%
et
85%
Et
85%
le
85%
Le
85%
On
85%
on
85%
que
85%
Que
85%
qui
85%
tu
85%
arrête
80%
au
80%
autre
80%
(autre
80%
ce
80%
Ce
80%
comme
80%
dans
80%
disparaître
80%
du
80%
en
80%
être
80%
Il
80%
j'ai
80%
j'me
80%
lettre
80%
lire
80%
Mais
80%
mais
80%
mal
80%
me
80%
80%
part
80%
part)
80%
peu
80%
quand
80%
Quand
80%
sais
80%
temps
80%
ailleurs
75%
(ailleurs)
75%
briser
75%
carapace
75%
coeur
75%
des
75%
eu
75%
face
75%
fait
75%
garde
75%
glisse
75%
j'te
75%
J'voudrais
75%
j'voudrais
75%
les
75%
moi
75%
nous
75%
pas
75%
passage
75%
plein
75%
pour
75%
qu'on
75%
respire
75%
sur
75%
sûr
75%
Surtout
75%
t'aime
75%
tes
75%
ton
75%
va
75%
valise
75%
voulais
75%
as
70%
autres
70%
barrage
70%
bas
70%
battement
70%
billet
70%
bruit
70%
casse
70%
cent
70%
danser
70%
d'enfants
70%
détestés
70%
Donc
70%
enlêve
70%
épine
70%
faire
70%
fais
70%
faut
70%
ferme
70%
froid
70%
gens
70%
glace
70%
grand
70%
ira
70%
juste
70%
Juste
70%
l'âge
70%
large
70%
l'hiver
70%
moins
70%
monde
70%
noir
70%
Nos
70%
plus
70%
poitrine
70%
prendre
70%
prends
70%
printemps
70%
putain
70%
qu'il
70%
raison
70%
regard
70%
rester
70%
rêves
70%
rire
70%
rires
70%
saches
70%
sautes
70%
s'efface
70%
s'enlacent
70%
seuls
70%
s'évaporent
70%
s'retrouve
70%
t'aimerais
70%
tout
70%
trembler
70%
un
70%
une
70%
vie
70%
vient
70%
ville
70%
vraiment
70%
y'en
70%
yeux
70%
aller
65%
aussi
65%
aux
65%
bouclier
65%
bout
65%
caisse
65%
ceux
65%
claquer
65%
combat
65%
comprends
65%
d'être
65%
devant
65%
devient
65%
dire
65%
draguer
65%
encore
65%
ensemble
65%
envie
65%
est
65%
Fais-le
65%
fais-le
65%
flou
65%
fois
65%
fondre
65%
foule
65%
frapper
65%
j'emmerde
65%
j'essaie
65%
jour
65%
j'peux
65%
j'suis
65%
jure
65%
larmes
65%
l'autre
65%
l'faire
65%
m'écoutes
65%
m'entendre
65%
méritent
65%
mieux
65%
Monte
65%
nuit
65%
observe
65%
ont
65%
oublie-les
65%
page
65%
paralyse
65%
parte
65%
partie
65%
penses
65%
peux
65%
place
65%
Profite
65%
puisses
65%
qu'apparaît
65%
qu'ils
65%
qu'tu
65%
qu'un
65%
Réponds-moi
65%
rêvent
65%
route
65%
Savoure
65%
sens
65%
soir
65%
t'as
65%
t'en
65%
terrasses
65%
Terre
65%
tourner
65%
tournes
65%
toute
65%
vais
65%
vas
65%
victoire
65%
voir
65%
affaires
60%
connais
60%
corps
60%
Couvre-toi
60%
découvrir
60%
doutes
60%
fenêtre
60%
fêter
60%
inventer
60%
manque
60%
Ouvre
60%
petits
60%
s'éclater
60%
sourire
60%
tous
60%
toutes
60%
dehors
55%
erreurs
55%
J'aimerais
55%
jettes
55%
pourra
55%
quitte
55%
Regarde
55%
Sensible
55%
trouver
55%
vident
55%
détendre
50%
Réagis
50%
planque
45%
croquer
10%
Aucun quiz correspondant
Distribution des résultats
% des personnes avec chaque résultat
Percentile par nombre de réponses
Votre historique - résultats
Vous n’avez pas pris ce quiz